Church Wealth in Mexico : A Study of the Juzgado de Capellanias in the Arcbishopic of Mexico, 1800-1856 /
En esta obra se analiza la administración del Juzgado de Capellanías, una de las instituciones fiscales más importantes de la Iglesia Católica en México, principalmente durante la Colonia y en el siglo XIX. Esta operaba en cada una de las diósesis como un tipo de banco. Recibía los réditos clericale...
Saved in:
| Main Author: | |
|---|---|
| Format: | Book |
| Language: | English |
| Published: |
Cambridge, Inglaterra :
Cambridge University,
1967, c1967
|
| Series: | (Cambridge Latin American Studies ;
2) |
| Subjects: | |
| Tags: |
No Tags, Be the first to tag this record!
|
MARC
| LEADER | 00000nam^a2200000^a^4500 | ||
|---|---|---|---|
| 001 | 000182231 | ||
| 005 | 20250521000000.0 | ||
| 009 | 20260310102000.382 | ||
| 037 | |a Acervo ITESO - Biblioteca | ||
| 041 | |a ING | ||
| 082 | |a 972. 04 |b COS | ||
| 100 | |a Costeloe, Michael P. |e (autor) | ||
| 245 | 1 | 0 | |a Church Wealth in Mexico : |b A Study of the Juzgado de Capellanias in the Arcbishopic of Mexico, 1800-1856 / |c M.P. Costeloe ; ed. de David Joslin, John Street. |
| 264 | 4 | |a Cambridge, Inglaterra : |b Cambridge University, |c 1967, c1967 | |
| 300 | |a IX, 138 p. | ||
| 336 | |a texto |b txt |2 rdacontenido | ||
| 337 | |a sin mediación |b n |2 rdamedio | ||
| 338 | |a volumen |b nc |2 rdasoporte | ||
| 440 | 1 | |a (Cambridge Latin American Studies ; |v 2) | |
| 520 | |a En esta obra se analiza la administración del Juzgado de Capellanías, una de las instituciones fiscales más importantes de la Iglesia Católica en México, principalmente durante la Colonia y en el siglo XIX. Esta operaba en cada una de las diósesis como un tipo de banco. Recibía los réditos clericales de varias fuentes que invertía a su vez, a manera de prestamos con ciertos intereses. De acuerdo al estudio que aquí se presenta, la iglesia Católica en México era al mismo tiempo, una causa y una víctima de el caos político y económico que se vivía en ese período. Los liberales alegaban que la concentración de la mayor parte de la riqueza del país en manos clericles obstaculizaba el progreos político y económico del país. Por su parte, la iglesia argumentaba que ellos utilizaban la mayoría de sus propiedades y capital directamente en beneficio tanto de la sociedad como de la economía nacional. Aquí el autor examina esas diferentes percepciones en relación del Juzgado en México y discute la compleja administración, las aptitudes que los empleados debían tener y las fuentes de los réditos, así como los procedimientos para obtener prestamos de esa institución. | ||
| 649 | |a XX | ||
| 650 | |a Iglesia Católica - |x Finanzas | ||
| 650 | |a Iglesia Católica en México - |x Impuestos | ||
| 650 | |a Iglesia Católica en México - |x Bienes | ||
| 650 | |a Donaciones Cristianas - |z México - |x Historia - |y Siglo XIX | ||
| 650 | |a Bancos y Operaciones Bancarias - |z México - |x Historia - |y Siglo XIX | ||
| 650 | |a Riqueza - |z México - |x Historia - |y Siglo XIX | ||
| 650 | |a Propiedad Privada - |z México - |x Historia - |y Siglo XIX | ||
| 650 | |a Distribución Económica - |z México - |y Siglo XIX | ||
| 650 | |a Política y Religión - |z México - |x Historia - |y Epoca Colonial, 1517-1821 | ||
| 650 | |a Política y Religión - |z México - |x Historia - |y Siglo XIX | ||
| 650 | |a Iglesia Católica en México - |x Historia - |y Siglo XIX | ||
| 650 | |a Iglesia Católica en México - |x Historia | ||
| 650 | |a México - |x Condiciones Sociales y Culturales | ||
| 650 | |a México - |x Condiciones Económicas | ||
| 650 | |a México - |x Condiciones Políticas | ||
| 910 | |a Fondo General | ||
| 920 | |a Impresos - Libros | ||
| 930 | |a Colección General | ||
| 905 | |a 101 | ||
| 901 | |a 0500122252 |b IT1 |c ACC |u 20250521 | ||
| 902 | |a https://opac.biblio.iteso.mx/vufind/Record/000182231 | ||